000
00221 a2200097 4500
001
11049
100
_a
Choudhary, G. W.
245
_a
The last day of United Pakistan
260
_a
_b
C. Hurst & Co
_c
090
_c
8614
_d
8614
942
_a
NUST-CAE
_c
M
_c
35394
999
_c
246122
_d
246122